Moi, cesar borgia

Đã lưu trong:
Bibliografiske detaljer
Hovedforfatter: Balchin, Nigel
Format: Bog
Sprog:Undetermined
Udgivet: Paris Rene Julliard 1951
Fag:
Tags: Tilføj Tag
Ingen Tags, Vær først til at tagge denne postø!
Thư viện lưu trữ: Trung tâm Học liệu Trường Đại học Cần Thơ
LEADER 00481nam a2200193Ia 4500
001 CTU_82409
008 210402s9999 xx 000 0 und d
082 |a 823 
082 |b B174 
100 |a Balchin, Nigel 
245 0 |a Moi, cesar borgia 
245 0 |c Nigel Balchin 
260 |a Paris 
260 |b Rene Julliard 
260 |c 1951 
650 |a Borgia, Cesare 
650 |y 1476-1507 
904 |i Nguyên,Hải 
980 |a Trung tâm Học liệu Trường Đại học Cần Thơ